| 000 | 01005nam a22001577a 4500 | ||
|---|---|---|---|
| 008 | 190731b xxu||||| |||| 00| 0 eng d | ||
| 020 | _a0935890823 | ||
| 050 | _aRJ370.E447(3e) | ||
| 245 | _aEmergency nursing pediatric course. / | ||
| 250 | _a3rd ed. | ||
| 260 |
_aDes Plaines: _bEmergency Nurses Association, _c2004. |
||
| 300 |
_axii, 298 p. : _bill ; _c28 cm. |
||
| 500 | _aIncludes index. | ||
| 505 | _aContents: The emergency nursing pediatric course -- Epidemiology -- From the start - Dealing with children -- Initial assessment -- Triaging the pediatric course -- Respiratory distress and failure -- Shock -- Vascular access -- Rhythm disturbances -- Medication administration -- Pediatric trauma -- Pediatric pain assessment and management -- Child maltreatment -- The neonate -- Childhood illness -- Children with special health care needs -- Procedural preparation and sedation -- Poisonings -- Psychiatric emergencies -- Crisis intervention -- Stabilization and transport. | ||
| 942 |
_2lcc _cBK |
||
| 999 |
_c6827 _d14327 |
||